Normal view
MARC view
- Salmon, John T.
Entry Personal Name
001 - CONTROL NUMBER
- control field: 119723
003 - CONTROL NUMBER IDENTIFIER
- control field: NUST
005 - DATE AND TIME OF LATEST TRANSACTION
- control field: 20231213144455.0
008 - FIXED-LENGTH DATA ELEMENTS
- fixed length control field: 231213|| aca||aabn | a|a d
040 ## - CATALOGING SOURCE
- Original cataloging agency: NUST
- Transcribing agency: NUST
100 ## - HEADING--PERSONAL NAME
- Personal name: Salmon, John T.
- Fuller form of name: (John Tenison),
- Dates associated with a name: 1910-
670 ## - SOURCE DATA FOUND
- Source citation: Work cat.: (NUST)0: Salmon, John T. (John Tenison), 1910-, The Reed field guide to New Zealand native trees /, 2004.
